Giáo trình khẩu ngữ tiếng Hán, tập 2 trình độ sơ cấp

সংরক্ষণ করুন:
গ্রন্থ-পঞ্জীর বিবরন
বিন্যাস: গ্রন্থ
ট্যাগগুলো: ট্যাগ যুক্ত করুন
কোনো ট্যাগ নেই, প্রথমজন হিসাবে ট্যাগ করুন!
Thư viện lưu trữ: Mạng thư viện Đại học Đà Nẵng
LEADER 00464nam a22001691a 4500
001 000037031
003 13326
005 20160412014959.0
008 160412s0 000
082 |a 4H(07)733-37 
245 |a Giáo trình khẩu ngữ tiếng Hán, tập 2 trình độ sơ cấp  |c Đới Quế Phù 
OWN |a LNN 
999 |a From the UDN01 
TYP |a Monograph 
980 |a Mạng thư viện Đại học Đà Nẵng